| 000 | 01055nam a22001457a 4500 | ||
|---|---|---|---|
| 020 | _a978-1-4169-1248-4 | ||
| 082 |
_a823 _bKEE/N |
||
| 100 | _aKEENE, CAROLYN | ||
| 245 | _aNANCY DREW - ONCE UPON A CRIME | ||
| 260 |
_aNEW YORK _bALADDIN PAPERBACKS _c2006 |
||
| 300 | _a185 | ||
| 520 | _aOnce upon a crime, in a faraway land know as River Heights... Hi, it's me, Nancy Drew. I thought meeting my hero, mystery writer Hazel Perrault, would be a dream come true. As soon as I found out she was joining forces with a local charity to build a community center for wayward teen girls, I knew I wanted to help. But instead of building and decorating, I'm, stuck doing all the cooking and cleaning for all the other volunteers! Yuck! Worse yet, I have a hunch that someone is trying to sabotage the project -- and the big fund-raising gala at the end of it. My fairy-tale adventure is turning into a nightmare, and if I can't solve this mystery, I'm not sure any of us will be able to live happily ever after.... | ||
| 650 |
_aMYSTERY _zUNITED STATES |
||
| 942 | _cBK | ||
| 999 |
_c7891 _d7891 |
||